000 01197nam2a2200253 4500
001 RU\NLR\BIBL_A\022213644
005 20250625161447.0
035 _a(NLR Aleph) 022213644
090 _a13080603
_c13080603
100 _a20081111d1914 |||y0rusy50 ca
101 0 _arus
102 _aRU
105 _ay zw 000yy
200 1 _aХраните свято церковные посты
_f[священник Григорий Закрицкий]
210 _d[1914]
_gТип. "Русской Речи"
_aБ. м.
215 _a8 с.
300 _aГод изд. установлен по дате получения обязат. экз.
461 0 _1001v19\rc\2065452
_12001#$aАфоно-Ильинский листок$v[1914 г.], № 356
_94806829
_c[Одесса]
_d1899-[1915]
_fиздание русскаго Св.-Ильинскаго скита на Афоне
_nпечатано в типографии Епархиальн. Дома
_tАфоно-Ильинский листок
_v[1914 г.], № 356
700 1 _aЗакрицкий
_bГ.
_gГригорий
852 _aNLR
_j20.37.9.352(1914-356)
942 _cBOOK
980 _aNB